[Event "Corus-C"]
[Site "Wijk aan Zee"]
[Date "2007.01.27"]
[Round "12"]
[White "Berg, Emanuel"]
[Black "Bosboom, Manuel"]
[Result "1-0"]
[WhiteElo "2586"]
[BlackElo "2375"]
[Annotator "Berg,E"]
[PlyCount "119"]
[EventDate "2007.01.13"]
[EventType "tourn"]
[EventRounds "13"]
[EventCountry "NED"]
[EventCategory "10"]
[SourceTitle "CBM 116 Extra"]
[Source "ChessBase"]
[SourceDate "2007.03.07"]
[SourceVersion "1"]
[SourceVersionDate "2007.03.07"]
[SourceQuality "1"]

1. e4 c5 2. Nf3 d6 3. d4 cxd4 4. Nxd4 Nf6 5. Nc3 a6 6. Bg5 e6 7. f4 Nbd7 8. Qf3
h6 9. Bh4 Rg8 10. Bf2 {Preparing to meet ...g5 with g3 as in Bosboom-Negi,
Corus C 2007.} ({In the game Spoelman-Bosboom, Corus C 2005 there followed} 10.
O-O-O g5 11. fxg5 hxg5 12. Bg3 g4 13. Qf2 {and here instead of the played} Qc7
{I believe that} (13... Nh5 {is more accurate and Black seems to be doing fine
as in Zhang-Bosboom, Amsterdam ACT op 3rd 2006.})) 10... Qc7 11. O-O-O Be7 {
A waiting move, preparing either ...g5 or ...b5.} ({After the immediate} 11...
b5 {White has} 12. e5 Bb7 13. Qh3 dxe5 14. Nxe6 fxe6 15. Qxe6+ Be7 16. Bxb5 $16
{with acrushing attack.}) ({and in case of} 11... g5 {there is the interesting
pawn sacrifice} 12. e5 $5 (12. g3 b5) 12... dxe5 13. fxe5 Qxe5 ({Trying to
trap the queen with} 13... Nxe5 14. Qxf6 Bg7 {doesn't work after} 15. Bb5+ $1
axb5 (15... Kf8 16. Nxe6+ Bxe6 17. Bc5+ Qxc5 18. Rd8+ Rxd8 19. Qxd8#) 16. Ndxb5
Qa5 17. b4 $1 Bxf6 (17... Qa3+ 18. Nxa3 Bxf6 19. Nab5 Kf8 20. Nc7 Ra3 21. Bd4
Nd3+ 22. Rxd3 Bxd4 23. N7b5 Bxc3 24. Nxa3 Bxb4 25. Nc4 $16) 18. bxa5 Kf8 19.
Nc7 Rxa5 20. Bb6 Ra3 21. Bc5+ Be7 22. Rd8+ Kg7 23. Rxg8+ Kxg8 24. Bxa3 Bxa3+
25. Kd2 $14) 14. Bg3 $44 {with compensation. Black has development problems
and his king is very exposed in the center.}) 12. Bd3 g5 ({After} 12... b5 {
once again White can go for} 13. e5 (13. Rhe1 Bb7 14. a3 {is another more
solid possiblity.}) 13... Bb7 14. Qh3 dxe5 15. Nxe6 fxe6 16. Bg6+ Kd8 (16...
Kf8 17. Rxd7 $1 (17. Qxe6 $2 Qc4 $1 $17) 17... Qxd7 (17... Nxd7 18. Qxe6 Qc4
19. Qxd7 Qxf4+ 20. Be3 $3 (20. Kb1 Bxg2) 20... Qxe3+ 21. Kb1 {with an
overwhelming attack!}) 18. fxe5 {An interesting position. At the moment White
is a rook down, but Black will at least need to give back the knight on f6 and
so White should have compensation for the sacrificed exchange.}) 17. Qxe6 $44)
13. g3 b5 14. Rhe1 Bb7 15. Qe2 {Going out of the pin and preparing e5. Now
White is also ready for the piece sac Nd5! if needed.} b4 {Black is forcing
some action, which gives him a pawn, but now the position opens up and his
king will be in great danger. Probably better was} (15... gxf4 16. gxf4 Rg2 $5)
16. Nd5 $1 Nxd5 {Here Black could not take with the pawn as the conterplay
along the e-file would have been too much and Black is even needed to give his
bishop on e7 in return.} 17. exd5 Bxd5 18. Bh7 $5 {An interesting move forcing
the black rook to a worse square before going for the action.} Rh8 (18... Rg7
19. Nf5 Rxh7 20. Nxe7 Bb7 21. Nf5 d5 22. Qd3 Nf8 23. Bd4 $44) 19. Be4 $1 {
By exchanging the bishops White weakens the protection of the black king and
soon a piece sac on e6 might come into consideration.} Bxe4 20. Qxe4 Rc8 21.
Re2 Nc5 $2 {Missing a very important point. After this mistake Black never
really came back into the game again. Much better was} (21... d5 $1 22. Qf3 Nf6
{[%csl Ge4] going for the e4-square and having everything protected for the
moment. White still has some compensation for the sacrificed pawn but there is
nothing convincing anymore. After having placed his knight on e4 Black will
have a rather solid position.}) 22. Nxe6 $3 {A nice blow!} Nxe6 ({After} 22...
fxe6 23. Bxc5 Qxc5 (23... dxc5 24. Qg6+ Kf8 25. Rxe6 {with a crushing attack!})
24. Qxe6 Rc7 25. f5 $18 {followed by f6 White wins back the material and has a
won position.}) 23. f5 Nd8 24. Bb6 (24. Bd4 $5) 24... Qd7 (24... Qb7 {might
have been a better try, although White will always have a stable plus in the
endagame after} 25. Qxb7 Nxb7 26. f6 Kd7 27. Rxe7+ Kc6 28. Bf2 Rc7 29. Rxc7+
Kxc7 30. Re1 Kc6 (30... Rd8 31. Re4 a5 32. g4 $16) 31. Re4 a5 32. Re7 Rf8 (
32... Rh7) 33. Be3 Nc5 34. h4 Nd7 (34... gxh4 35. gxh4 $16) 35. hxg5 hxg5 36.
Bxg5 $16) 25. Rde1 ({Now after} 25. Bd4 {I didn't like} f6 26. Bxf6 Rh7 27. Bd4
d5 $1 {and Black has good survivial chances.}) 25... Nc6 26. f6 Ne5 27. fxe7 f6
{Black has a seemingly solid block on e5, but it's not going to hold for long.}
28. Bd4 Kf7 29. Rf1 Qxe7 30. Ref2 {Now threatening to take on f6 which Black
is not in time to stop.} Rce8 {Trying to make it less bad, but doesn't stop
white's plan.} 31. Qd5+ ({Maybe even stronger was} 31. Bxe5 Qxe5 (31... dxe5
32. Qc6 $18) 32. Rxf6+ Qxf6 33. Qd5+ Re6 34. Rxf6+ Kxf6 35. Qd4+ Re5 36. Qxd6+
Re6 37. Qd4+ Re5 38. Qxb4 $18 {with a technical win, but still some work to do.
}) 31... Kg7 32. Rxf6 Rhf8 (32... Qxf6 {looses at once after} 33. Rxf6 Kxf6 34.
Qxd6+ Kf5 35. Bxe5 Rxe5 36. g4+ Ke4 37. Qd3+ Kf4 38. Qd4+ $18) 33. Rxf8 Rxf8
34. Rxf8 Kxf8 35. Qa8+ Kf7 36. Qxa6 Nf3 (36... Nc6 37. Qc4+ Qe6 38. Qxe6+ Kxe6
39. Bg7 h5 40. Kd2 $16 {should be rather easy won for White. With a pawn up
and the bishop against the knight Black doesn't have much of a chance.}) 37.
Qc4+ Qe6 38. Qxb4 Kg6 39. b3 ({The immediate} 39. a4 $1 {was stronger, but in
timetrouble I decided for "safety first".}) 39... Nxh2 40. a4 Nf3 41. a5 {
Forcing a won queen endgame which I considered rather easy-won after having
had two queen endgames earlier in the tournament. Of course, there are several
other ways of winning as well.} Nxd4 (41... d5 42. Bf2 $18) 42. Qxd4 Qe1+ 43.
Kb2 Qxa5 44. Qxd6+ Kf5 45. b4 Qa4 (45... Qb5 $1 {was a better try.} 46. Kc3 $1
{Centralising the king, which will be of great importance in any pawn endgame
when the white king is running over to the kingside stopping the h-pawn. Now
threatening Qd3+.} (46. Kb3 $5 h5 47. c4 Qe5 48. Qd3+ Qe4 49. Qd7+ (49. Qxe4+
$2 Kxe4 50. b5 Ke5 $1 $11) 49... Qe6 50. Qh7+ Kg4 51. b5) 46... Kg4 (46... h5
47. Qd3+ Qxd3+ 48. Kxd3 $18) 47. Kd4 $1 (47. Qc5 $5 Qb8 (47... Qxc5+ 48. bxc5
Kf5 49. c6 $1 Ke6 50. g4 Kd6 51. Kd4 Kxc6 52. Ke5 Kc5 53. Kf5 $18) 48. b5 Qxg3+
49. Kb2 $18) 47... h5 48. c4 Qf5 49. b5 h4 50. gxh4 gxh4 51. b6 {and White is
first out in the pawn run.}) 46. Qc5+ Kg4 47. b5 Qa5 (47... Kxg3 48. Qa3+ $18)
48. Qc8+ $1 {A nice check, forcing the black king back and at the same time
improving the position of the white queen.} Kh5 (48... Kxg3 49. Qc3+ $18) (
48... Kf3 49. Qc3+ $18) 49. Qh3+ Kg6 50. Qe6+ Kh5 51. Qe2+ Kg6 52. Qd3+ Kh5 53.
Qf3+ Kg6 54. Qc6+ {Here the queen is perfectly placed and can support the
b-pawn.} Kh5 55. b6 Qe5+ 56. Ka2 Qxg3 (56... Qa5+ 57. Kb3 $1 {going away from
the checks.}) 57. Qe8+ $1 Kh4 58. b7 Qc7 59. b8=Q Qxc2+ 60. Qb2 1-0

[Event "Gibraltar Masters 9th"]
[Site "Caleta"]
[Date "2011.02.02"]
[Round "9"]
[White "Berg, Emanuel"]
[Black "Zhu, Chen"]
[Result "1-0"]
[WhiteElo "2627"]
[BlackElo "2495"]
[Annotator "Berg,E"]
[PlyCount "101"]
[EventDate "2011.01.25"]
[EventType "swiss"]
[EventRounds "10"]
[EventCountry "GGB"]
[SourceTitle "CBM 141"]
[Source "ChessBase"]
[SourceDate "2011.03.17"]
[SourceVersion "1"]
[SourceVersionDate "2011.03.17"]
[SourceQuality "1"]

1. e4 c5 2. Nf3 d6 3. d4 cxd4 4. Nxd4 Nf6 5. Nc3 a6 6. Bg5 e6 7. f4 h6 8. Bh4
Qb6 $5 {This is an interesting idea for Black. With the inclusion of ...h6 and
Bh4 White is missing some options in the Main Line of the Poisoned Pawn.
However White now has an extra option which would not work with the bishop on
g5.} 9. a3 {I considered this move as an improvement after having lost a rapid
game to Valerij Popov in 2006.} ({Of course} 9. Qd2 Qxb2 10. Rb1 Qa3 11. e5 {
is also possible and would transpose to one of the Main Lines in the Poisoned
Pawn with a very sharp game to follow.}) 9... Nbd7 ({Here} 9... Nc6 {would be
well met by} 10. Bf2 {which is the difference of having the bishop on h4
instead of g5.}) 10. Bf2 Qc7 (10... Nc5 {is possible, but after the correct}
11. Nb3 {White keeps an edge.}) 11. Qf3 e5 {This came as somewhat of a
surprise to me. Black now seriously weakens the light squares, which was not
at all necessary.} ({I expected the natural follow up} 11... b5 {with...Bb7
coming next putting pressure against e4.}) 12. Nf5 b5 13. O-O-O {Adding
pressure against the weak d6-pawn and creating the threat of Bxb5.} g6 (13...
Bb7 $2 {falls victim to} 14. Bxb5 axb5 15. Nxb5 {and White achieves a winning
position after} Qxc2+ (15... Qc6 16. Nbxd6+ Bxd6 17. Nxd6+ Kf8 18. Qb3 $18 {
[%csl Rb7,Rf8][%cal Yb3f7,Yb3b7]}) 16. Kxc2 Bxe4+ 17. Rd3 Bxf3 18. gxf3 $18 {
[%csl Ga3,Gb2,Rd6,Re8]}) 14. Ne3 Bb7 15. Bh4 {This bishop was not doing very
much on f2 any longer and after the weakening move ...g6 it is natural to come
back with the bishop.} ({I also considered playing} 15. fxe5 dxe5 {and now} 16.
Bh4 {Now Black no longer has the option of ...Be7 like in the game and ...Bg7
allows a promising piece sacrifice. However having exchanged on e5 Black now
has a longer diagonal for her bishop on f8 which gives her the option} Bc5 $1 {
tactically defending the N on f6.} (16... Bg7 $2 {allows} 17. Bxb5 axb5 18.
Nxb5 Qb8 19. Nd6+ Kf8 20. Bxf6 Nxf6 21. Ng4 {when White is winning back
material with an overwhelming position.}) (16... Be7 $4 {loses material to} 17.
Rxd7 $1 {when White will win two minor pieces for the rook since after} Nxd7
18. Bxe7 {the bishop on e7 is tactically protected by a knight fork on d5.}))
15... Be7 ({Now} 15... exf4 16. Bxf6 Nxf6 17. Qxf4 Bg7 $1 {would have been an
interesting continuation where Black's dark squared bishop is seriously
improved compared to the game.} {As allways Black has to watch out for moves
like} 18. Bxb5+ $5 axb5 19. Nxb5 Qe7 20. Nxd6+ Kf8 {which might look somewhat
awkward to play for Black, but White has nothing straightforward here.}) 16. g3
{This move stabilises the f4-pawn as well as opens up the position for Bh3.}
Rc8 17. Bxf6 ({Unfortunately the move} 17. Bh3 {is unplayable due to} g5 $1 18.
fxg5 hxg5 {when White loses a piece.}) 17... Nxf6 18. Bh3 Rd8 19. Ned5 {
This move forces Black to enter a position with opposite coloured bishops
which has some drawing tendencies. However with rooks and queens on the board
as well as Black's somewhat vulnerable king White definitely has chances.} Nxd5
20. Nxd5 Bxd5 21. Rxd5 exf4 {Black decides on opening the long diagonal for
her bishop.} ({In the event of} 21... O-O 22. f5 {might be considered when
Black's bishop will stay passive.}) 22. gxf4 Bf6 23. Rhd1 O-O 24. Qd3 {White
adds pressure against the weak d6-pawn in order to force a passive defence
from Black.} Qb6 $5 {Black decides to defend actively by means of
counter-attack. Now the d6-pawn should not be taken in view of ...Qe3+ after
exchanging rooks.} 25. Kb1 {Putting the king in safety and once again
preparing Rxd6.} Qf2 {Once again Black is using her queen to create
counter-threats instead of defending passively by ...Be7.} 26. Rf1 {This moves
forces the queen back again, but the rook leaves the d-file making it possible
for Black to defend d6.} Qb6 (26... Qxh2 $2 {wins a pawn for the moment, but
loses the game after} 27. Qf3 Bh4 28. Rd3 {[%csl Rh2][%cal Gh3g2,Yf1h1] when
Black's queen is in serious trouble.} g5 {forced in order not to lose material.
However now White can switch from trapping the queen to attacking the king by
playing} (28... d5 29. e5) 29. Qh5 $40 {and after} Kg7 30. Rdf3 Qd2 31. fxg5
Qxg5 32. Rxf7+ Rxf7 (32... Kg8 33. Qf3) 33. Qxf7+ Kh8 34. Qe6 $18 {when
despite level material White is simply winning due to Black's exposed king
position and discoordinated pieces.}) 27. c3 {White now stops Black from
creating counterplay with ...b4 and at the same time reduces the power of the
bishop on f6.} Rfe8 {Black tries to place her pieces as actively as possible
while waiting for White to force matters. Since Black is now forced into a
passive defence, White is in no hurry but can simply improve his pieces before
forcing any action.} 28. Bg2 Kg7 29. Bf3 h5 {This move creates further
weakness around Black's king, but it was hard to find sensible waiting moves
for Black.} 30. Qe2 {White prepares to play Rfd1 without allowing ..Qf2. In
addition White now eyes the h5-pawn and a bishop sacrifice might soon become
possible.} Rh8 {In time trouble Black does not want to risk anything, but this
leads to an even more passive defence and gives White an easy game.} 31. Rfd1
Be7 32. Qd2 Rc8 (32... a5 {is well met by} 33. Be2 b4 34. cxb4 axb4 35. Qxb4
$16 {with a healthy extra pawn for White.}) 33. f5 $1 {Now it's the right time
to push forward for White. Black's pieces are uncoordinated and an attack
against the king is very logical.} Rcd8 34. Qf4 Qf2 {Black tries to get the
queen into the game in order to defend against White's attack.} 35. R5d2 Qc5
36. Rg2 Qe5 37. Qe3 $6 {An inaccuracy, which gives Black the chance to get
back into the game.} ({Stronger was} 37. Qc1 $1 {keeping a clear advantage.})
37... Rh6 $2 ({Necessary was} 37... d5 $1 {when Black solves her main problems.
The main point is that} 38. fxg6 {can be met by} ({Perhaps the best
continuation is} 38. Qd4 Qxd4 39. Rxd4 dxe4 40. Rxe4 Kf6 41. fxg6 fxg6 42. Rf4+
Kg7 43. a4 $14 {with some advantage for White.}) 38... f5 $1) 38. Rd5 Qf6 39.
Qa7 $1 {White suddenly switches sides of the board when all Black's pieces are
stuck to the defence of the king. Black's queenside pawns are about to fall
and there is not much she can do about it.} Qh4 {Once again the queen gets
active and this seems like the best practical chance.} 40. Ka2 $6 {A natural
safety move, but a slight inaccuracy.} ({After the correct} 40. e5 $1 dxe5 41.
Rxd8 Bxd8 42. Bd5 Qf6 (42... Qe7 43. f6+ Qxf6 44. Rf2 $18) (42... Be7 43. f6+
Qxf6 44. Rf2 $18) 43. fxg6 Rxg6 44. Rf2 Bb6 45. Rxf6 Bxa7 46. Rxf7+ Kh6 47.
Rxa7 {White is winning straight away.}) 40... Kf8 41. fxg6 Rxg6 42. Re2 Qh3 43.
Rf5 $1 ({The tempting} 43. Bxh5 Rh6 {might give White some practical
difficulties.} 44. Bxf7 $5 ({Stronger is} 44. Re3 Qxh2 45. Bd1 $18 {[%cal
Gd1b3] which is still winning for White, but does not look that clear to a
human eye.}) 44... Kxf7 45. Qxa6 $14 {White has more than enough pawns for the
sacrificed piece. In addition to Black's exposed king White has good winning
chances, but Black is still fighting.}) 43... Rg5 (43... Rf6 44. Qd4 Rh6 45.
Rf2 $18) 44. Qd4 $1 {The point behind White's last move. Now White leaves the
Black queenside pawns behind himt and once again plays for a mating attack,
having the black queen cut off at h3.} Ke8 45. Qd5 ({Also winning is the
straightforward tactical line} 45. e5 $1 d5 (45... Qxf5 46. exd6 $18) 46. Rf6
$1 Qc8 47. e6 Qc4+ 48. Qxc4 bxc4 49. exf7+ Kf8 50. Rh6 $18 {although these
lines are not very human.}) 45... f6 (45... Rxf5 46. exf5 Qh4 47. Bxh5 Qxh5 48.
Rxe7+ Kf8 49. Ra7 {is comfortably winning for White.}) 46. c4 $1 {A smart
in-between move.} ({My first intention was to play} 46. Rxg5 fxg5 47. e5 {
but then after} Qf5 $8 {I was unable to find any straight forward win,
although I'm sure there are several ways to win this position.}) 46... bxc4 47.
Rxg5 fxg5 48. e5 Kf8 ({Now the aforementioned line} 48... Qf5 {does not work
in view of} 49. exd6 Qxd5 {(no check anymore)} 50. Rxe7+ Kf8 51. Bxd5 Rxd6 52.
Rf7+ $18 Ke8 53. Rf5 $18) 49. exd6 Bxd6 50. Qxg5 Qd7 51. Qf6+ 1-0

[Event "Miercurea Ciuc Bancpost op 20th"]
[Site "Miercurea Ciuc"]
[Date "2017.08.19"]
[Round "3"]
[White "Baratosi, Daniel"]
[Black "Istratescu, Andrei"]
[Result "1/2-1/2"]
[WhiteElo "2370"]
[BlackElo "2604"]
[Annotator "Biro,S"]
[PlyCount "78"]
[EventDate "2017.08.17"]
[EventType "swiss"]
[EventRounds "9"]
[EventCountry "ROU"]
[SourceTitle "EXT 2020"]
[Source "ChessBase"]
[SourceDate "2019.10.17"]
[SourceVersion "1"]
[SourceVersionDate "2019.10.17"]
[SourceQuality "1"]

{[%evp 0,78,29,26,46,51,79,70,70,28,50,37,58,43,54,19,20,11,14,-5,-12,-12,3,-3,
2,2,21,18,11,11,11,-35,0,-114,-17,-23,8,-46,-20,-1,-18,-18,4,-29,-6,6,39,115,
222,12,5,-12,8,-28,29,-107,-119,-143,-123,-114,0,0,0,0,0,0,0,0,0,0,6,23,97,0,0,
0,0,0,0,0,0]} 1. e4 c5 2. Nf3 d6 3. d4 cxd4 4. Nxd4 Nf6 5. Nc3 a6 6. Bg5 e6 7.
f4 h6 8. Bh4 Qb6 9. Qd3 Qxb2 10. Rb1 Qa3 11. f5 Be7 12. fxe6 fxe6 13. Be2 O-O
14. O-O Qa5 15. Kh1 Nc6 16. Bf2 Nxd4 17. Bxd4 b5 18. Qe3 Qd8 19. e5 dxe5 20.
Bxe5 Bb7 21. Qg3 b4 22. Bd3 Bc6 23. Ne4 Bb5 24. Rf3 Bxd3 25. cxd3 Kh7 26. Rbf1
Nh5 27. Qg4 $2 (27. Qh3 $1 Rxf3 (27... Qxd3 $4 28. Nf6+ $3 Rxf6 29. Bxf6 Qxf1+
30. Rxf1 Nxf6 31. Qxe6 $18) 28. Qxf3 Qf8 29. Qe2 Nf6 30. Nxf6+ gxf6 31. Bb2 Ra7
32. Qxe6 Qg8 33. Qe3 $14) 27... Qxd3 28. h4 Qd5 (28... Rxf3 $3 29. Rxf3 Qe2 30.
Qxh5 Qxe4 31. Bxg7 Qxh4+ 32. Qxh4 Bxh4 $19) 29. Ng5+ hxg5 $2 (29... Bxg5 $1 30.
Rxf8 Rxf8 31. Rxf8 Be7 32. Bxg7 (32. Rf7 $4 Qxe5 33. Rxe7 Ng3+ 34. Kg1 Qc5+ 35.
Kh2 Nf1+ 36. Kh1 Qxe7 $19) 32... Bxf8 33. Bxf8 a5 $17) 30. Qxh5+ Kg8 31. Bxg7
Rxf3 32. Rxf3 Qd1+ 33. Kh2 Bd6+ 34. g3 Bxg3+ 35. Kg2 Bf4 36. Qh8+ (36. Qg6 $4
Qe2+ 37. Rf2 (37. Kg1 $4 Bh2+ 38. Kh1 Qxf3+ 39. Kxh2 Qf2+ 40. Kh1 Qxh4+ 41. Kg2
Qh7 $19) 37... Qg4+ 38. Kf1 Qh3+ 39. Ke2 Qf5 $19) 36... Kf7 37. Qxa8 Qe2+ 38.
Rf2 Qg4+ 39. Kf1 Qd1+ 1/2-1/2

[Event "Linares 09th"]
[Site "Linares"]
[Date "1991.??.??"]
[Round "10"]
[White "Ljubojevic, Ljubomir"]
[Black "Gelfand, Boris"]
[Result "0-1"]
[WhiteElo "2590"]
[BlackElo "2700"]
[Annotator "Boensch,U"]
[PlyCount "116"]
[EventDate "1991.02.??"]
[EventType "tourn"]
[EventRounds "13"]
[EventCountry "ESP"]
[EventCategory "17"]
[SourceTitle "CBM 022"]
[Source "ChessBase"]
[SourceDate "1991.06.01"]
[SourceVersion "1"]
[SourceVersionDate "1991.06.01"]
[SourceQuality "1"]

1. e4 {Gelfand} c5 2. Nf3 d6 3. d4 cxd4 4. Nxd4 Nf6 5. Nc3 a6 6. Bg5 e6 7. f4
Nbd7 8. Be2 (8. Qf3 Qc7 9. O-O-O b5 10. Bd3 Bb7 11. Rhe1 Qb6 12. Nb3 b4 13. Nb1
Be7 14. N1d2 Qc7 15. Kb1 h6 16. Qh3 Rg8 17. Bxf6 Nxf6 18. f5 e5 $10 {Ehlvest,
J-Gelfand,B Linares(08) 1991}) 8... Be7 (8... Qb6 9. Qd2 Be7 10. O-O-O h6 11.
h4 hxg5 12. hxg5 Rxh1 13. Rxh1 Ng8 14. Rh8 Kf8 15. g6 $16 {Westerinen,
H-Vitolinsh,A Jurmala 1978 -Inf.26/499}) (8... Qb6 {Gelfand}) 9. Qd2 Qc7 10.
Bf3 (10. O-O-O h6 11. h4 $13) (10. O-O-O {Gelfand}) 10... h6 11. Bxf6 (11. Bh4
$2 Nxe4 $17) 11... Bxf6 12. h4 Nb6 13. O-O-O (13. b3 $5 {Gelfand} h5 $15) 13...
Bd7 14. g4 (14. Nce2 {Gelfand} h5 $15) 14... Nc4 15. Qd3 Rc8 16. b3 (16. g5
Nxb2 17. Kxb2 Qb6+ $17) (16. Nce2 {Gelfand} Qa5 17. a3 $8 (17. Qb3 Ba4 18. Qxb7
O-O $19) 17... Qb6 18. Qc3 $17) 16... Ne3 $1 17. Qxe3 Qxc3 18. Qxc3 (18. Rd3 {
Gelfand} Qa1+ 19. Kd2 Qxa2 $19) 18... Rxc3 19. Rh3 (19. Be2 Re3 $19) (19. Bg2 {
Gelfand} Rg3 20. Bh3 g5 $1 21. fxg5 hxg5 22. h5 Ke7 $19) 19... h5 $1 $17 20. f5
(20. g5 Bxd4 21. Rxd4 e5 $19) 20... hxg4 21. Bxg4 Rxh3 22. Bxh3 Rxh4 (22...
Bxd4 {Gelfand} 23. Rxd4 Rxh4 24. fxe6 fxe6 $19) 23. fxe6 Rxh3 24. exd7+ Kxd7
25. Nf5 Be5 26. Rd3 Rxd3 (26... Rh1+ 27. Kd2 Rh2+ 28. Kd1 Ke6 $19) 27. cxd3 g6
28. Nh4 d5 29. Kd2 dxe4 30. dxe4 b5 31. Ke3 Kd6 32. Nf3 f6 33. Ne1 Ke6 34. Nc2
Bc3 35. Kd3 Ba5 36. Ne3 Bd8 37. Nd5 g5 38. Nb4 a5 39. Nd5 Ke5 40. Nc3 g4 41.
Nxb5 Bb6 42. Ke2 Kxe4 43. Nd6+ Kf4 44. Nc4 Ba7 45. a3 Kg3 46. Nxa5 Kh2 47. Nc4
g3 48. Nd2 g2 49. Nf3+ Kg3 50. b4 f5 51. a4 f4 52. a5 g1=Q 53. Nxg1 Bxg1 54. b5
Kg2 55. b6 f3+ 56. Kd2 f2 57. a6 f1=Q 58. a7 Qf4+ 0-1